Loading...
| Fine Arts - Classical Music | 2 | 5.00 | 50% | 0% | 0% |
| Fine Arts - Other | 6 | 5.00 | 50% | 0% | 0% |
| Fine Arts - Painting and Sculpture | 5 | 6.00 | 40% | 20% | 0% |
| Geography | 2 | 10.00 | 100% | 0% | 0% |
| History - American | 3 | 13.33 | 100% | 33% | 0% |
| History - European | 4 | 17.50 | 100% | 50% | 25% |
| History - Other | 2 | 20.00 | 100% | 100% | 0% |
| History - World | 4 | 7.50 | 75% | 0% | 0% |
| Literature - American | 4 | 12.50 | 75% | 25% | 25% |
| Literature - British | 5 | 10.00 | 80% | 20% | 0% |
| Literature - European | 5 | 14.00 | 100% | 40% | 0% |
| Literature - World | 4 | 5.00 | 50% | 0% | 0% |
| Mythology | 4 | 15.00 | 75% | 50% | 25% |
| Other Academic | 1 | 10.00 | 100% | 0% | 0% |
| Philosophy | 2 | 15.00 | 100% | 50% | 0% |
| Religion | 5 | 12.00 | 80% | 20% | 20% |
| Science - Biology | 5 | 10.00 | 100% | 0% | 0% |
| Science - Chemistry | 1 | 10.00 | 100% | 0% | 0% |
| Science - Other | 5 | 14.00 | 100% | 20% | 20% |
| Science - Physics | 3 | 20.00 | 100% | 100% | 0% |
| Social Science | 3 | 10.00 | 100% | 0% | 0% |